Name All 6 Letter Countries - Statistics

General Stats
  • This quiz has been taken 124 times
    88 since last reset
  • The average score is 25 of 32
Answer Stats
Starts With Answer % Correct
Z Zambia
91%
J Jordan
90%
F France
88%
R Rwanda
88%
R Russia
87%
G Gambia
84%
G Guyana
84%
U Uganda
84%
A Angola
82%
C Canada
82%
B Bhutan
81%
B Brunei
81%
P Panama
81%
I Israel
79%
M Mexico
79%
N Norway
79%
T Turkey
79%
T Tuvalu
79%
B Brazil
78%
K Kosovo
78%
M Monaco
78%
P Poland
78%
B Belize
76%
G Greece
76%
C Cyprus
75%
K Kuwait
75%
T Taiwan
75%
L Latvia
74%
S Sweden
74%
G Guinea
72%
S Serbia
72%
M Malawi
68%
No matching quizzes found
Score Distribution
Percent of People with Each Score
Percentile by Number Answered
Your Score History
You have not taken this quiz since the last reset